000 00383nam a2200145 i 4500
001 bg
100 1 _aPERZYNA, P.
245 0 _aAnaliza wpływu prędkości odkształcenia na zniszczenie /
_cP. Perzyna, R.B. Pęcherski.
260 _aWarszawa,
_c1979.
700 1 _aPĘCHERSKI, R. B.
040 _cBPK
041 _apol
942 _cKS
008 s pl f |000 0 pol
999 _c21333
_d21333
856 _uhttp://koha.tu.koszalin.pl/cgi-bin/koha/opac-detail.pl?biblionumber=21333
_yKatalog online BPK